| 000 | 01252cam a2200325 i 4500 | ||
|---|---|---|---|
| 999 |
_c200459038 _d77250 |
||
| 003 | TR-AnTOB | ||
| 005 | 20231205121228.0 | ||
| 007 | ta | ||
| 008 | 231205s2009 tu g 000 0 tur d | ||
| 020 | _a9789757655947 | ||
| 040 |
_aTR-AnTOB _beng _erda _cANKA _dTR-AnTOB |
||
| 041 | 0 | _atur | |
| 050 | 4 |
_aM1824.T8 _bT875 2009 |
|
| 090 |
_aM1824.T8 _bT875 2009 |
||
| 245 | 0 | 0 |
_aKonularına göre notalarıyla türküler 4 : _biş türküleri, mizahi türküler, mevsimlerle ilgili türküler / _chazırlayan Altan Demirel. |
| 246 | 2 | 1 |
_aKonularına göre notalarıyla türküler : _biş türküler, mizahi türküler, mevsimlerle ilgili türküler. |
| 246 | 2 | 1 | _aTürk halk müziği. |
| 250 | _a1. Basım Aralık 2009 | ||
| 264 | 1 |
_aAnkara : _bTürkiye Radyo ve Televizyon Kurumu Müzik Dairesi Başkanlığı, _c2009. |
|
| 300 |
_a64 pages : _bmusic ; _c30 cm |
||
| 336 |
_atext _btxt _2rdacontent |
||
| 337 |
_aunmediated _bn _2rdamedia |
||
| 338 |
_avolume _bnc _2rdacarrier |
||
| 490 | 0 |
_aYayın No ; _v127 |
|
| 650 | 7 |
_aHalk şarkıları, Türk _2etuturkob _915474 |
|
| 700 | 1 |
_aDemirel, Altan _eeditor _944118 |
|
| 710 | 2 |
_aTürkiye Radyo-Televizyon Kurumu. _bMüzik Dairesi Başkanlığı _944121 |
|
| 942 |
_2lcc _cBK |
||